| 000 | 00374nam a2200145Ia 4500 | ||
|---|---|---|---|
| 008 | 150201s2009 xx 000 0 und d | ||
| 082 |
_a617.632 _bP2009S |
||
| 100 | _aSATO,NASE DOS | ||
| 245 | _aPERIODONTICS & RESTORATIVE MAINTENANCE | ||
| 250 | _a1ST | ||
| 260 |
_bQUINTESSENCE PUBLICATION _aCHICAGO _c2009 |
||
| 300 | _a1-496 | ||
| 650 | _aPERIODONTICS | ||
| 942 |
_2ddc _cBK |
||
| 999 |
_c4592 _d4592 |
||